000 00827nam a22002177a 4500
999 _c3357
_d3357
005 20231120112129.0
008 231120b ||||| |||| 00| 0 eng d
020 _a9781408333846
040 _cKH8
082 _a823.92 MAT
100 _aMatthews, Andrew
_d1948-
_eAuthor
245 _a More Shakespeare stories /
_cAndrew Matthews
260 _aLondon,
_bOrchard,
_c2014
300 _a 1 volume :
_billustrations (black and white) ;
_c20 cm
520 _aThis series offers an excellent introduction to Shakespeare for younger readers. The tales have been retold using accessible language and each of the eight plays is vividly brought to life for a whole new audience
650 _aAdaptations
650 _aChildren's stories
_vEnglish
650 _aGeneral
700 _a Tony Ross
_eIllustrator
942 _2ddc
_cFIC